|
|
|
|
| LEADER |
01820nam a2200361 a 4500 |
| 001 |
14364258 |
| 008 |
120222s2009 njua b 001 0 eng |
| 999 |
|
|
|c 11909
|d 11909
|
| 010 |
|
|
|a 2006044808
|
| 020 |
|
|
|a 9788131724941
|
| 020 |
|
|
|a 0132279428
|
| 040 |
|
|
|a DLC
|c DLC
|d BD-DhAAL
|
| 042 |
|
|
|a pcc
|
| 050 |
0 |
0 |
|a RA410
|b .F65 2007
|
| 082 |
0 |
0 |
|a 338.4/33621
|2 22
|
| 100 |
1 |
|
|a Folland, Sherman.
|9 43754
|
| 245 |
1 |
4 |
|a The economics of health and health care /
|c Sherman Folland, Allen C. Goodman, Miron Stano.
|
| 250 |
|
|
|a 5th ed.
|
| 260 |
|
|
|a Upper Saddle River, NJ ;
|a New Delhi :
|b Pearson/Prentice Hall,
|c c2009.
|
| 300 |
|
|
|a 635 p. :
|b ill. ;
|c 26 cm.
|
| 504 |
|
|
|a Includes bibliographical references (p. 594-625) and index.
|
| 541 |
|
|
|e 00024558
|
| 650 |
|
0 |
|a Medical economics.
|9 43755
|
| 650 |
|
0 |
|a Pharmacy.
|9 43756
|
| 700 |
1 |
|
|a Goodman, Allen C.
|9 43757
|
| 700 |
1 |
|
|a Stano, Miron.
|9 43758
|
| 852 |
1 |
|
|a Ayesha Abed Library
|c General shelf.
|
| 942 |
|
|
|2 ddc
|c BK
|
| 952 |
|
|
|0 0
|1 0
|2 ddc
|4 0
|6 338_400000000000000_33621_FOL
|7 0
|9 19475
|a BRACUL
|b BRACUL
|c GEN
|d 2012-02-20
|e Parama Books
|g 3162.00
|l 0
|o 338.433621 FOL
|p 3010024558
|r 2012-02-22
|t 1
|w 2012-02-22
|y BK
|
| 952 |
|
|
|0 0
|1 0
|2 ddc
|4 0
|6 338_433621000000000_FOL
|7 0
|9 19476
|a BRACUL
|b BRACUL
|c GEN
|d 2012-02-20
|l 0
|o 338.433621 FOL
|p 3010024559
|r 2012-02-22
|t 2
|w 2012-02-22
|y BK
|
| 952 |
|
|
|0 0
|1 0
|2 ddc
|4 0
|6 338_433621000000000_FOL
|7 0
|9 19477
|a BRACUL
|b BRACUL
|c GEN
|d 2012-02-20
|l 2
|m 1
|o 338.433621 FOL
|p 3010024560
|r 2015-01-11
|s 2015-01-06
|t 3
|w 2012-02-22
|y BK
|
| 952 |
|
|
|0 0
|1 0
|2 ddc
|4 0
|6 338_433621000000000_FOL
|7 0
|9 19478
|a BRACUL
|b BRACUL
|c GEN
|d 2012-02-20
|l 0
|o 338.433621 FOL
|p 3010024561
|r 2012-02-22
|t 4
|w 2012-02-22
|y BK
|
| 952 |
|
|
|0 0
|1 0
|2 ddc
|4 0
|6 338_433621000000000_FOL
|7 0
|9 19695
|a BRACUL
|b BRACUL
|c GEN
|d 2012-03-15
|e Parama
|g 3162.50
|l 0
|o 338.433621 FOL
|p 3010024717
|r 2012-03-15
|t 5
|w 2012-03-15
|y BK
|